000 00377nam a2200157Ia 4500
008 230524s9999 xx 000 0 und d
082 _a5
_bHOR
100 _aIvor Horton
245 0 _aBeginning Visual C++ 2005
250 _a1st
260 _aSINGAPORE
_bJohn Wiley & Sons
_c2006
300 _axxvi;1139
500 _aQuantity Number: 1
650 _aComp-Sc
942 _cBK
999 _c36623
_d36623